LEADER 02136nlm 2200301 450 001 996460953303316 005 20220317110022.0 010 $a0-520-07494-7 100 $a20040517d1992---- ub 0 101 0 $aeng 102 $aUS 135 $adrcnu 200 1 $aDisplaying the Orient$earchitecture of Islam at nineteenth-century world's fairs$fZeynep C?elik 210 1 $aBerkeley [etc.]$cUniversity of California Press$d1992 215 $aTesto elettronico (PDF) (XV, 245 p.)$cill. 225 2 $aComparative studies on Muslim societies$v12 230 $aBase dati testuale 330 $aL'Esposizione Universale di Parigi del 1867 ha introdotto ai frequentatori della fiera l'idea di un viaggio immaginario, un nuovo turismo en place. Attraverso questa e altre esposizioni simili, le culture del mondo sono state importate nelle cittą europee e americane come manufatti e presentate agli uomini e alle donne del XIX dando un'impressione rapida e apparentemente realistica di luoghi lontani. Ēelik esamina l'esposizione delle culture islamiche alle fiere mondiali dell'Ottocento, concentrandosi sull'architettura espositiva. Afferma che alcune tendenze sociopolitiche e culturali ora cruciali per la nostra comprensione delle trasformazioni storiche sia in Occidente che nel mondo dell'Islam si rispecchiavano nell'architettura della fiera. Sebbene le fiere mondiali sostenessero di essere luoghi per una comunicazione culturale pacifica, mostravano il mondo secondo una gerarchia basata sui rapporti di potere. La delineazione di Ēelik di questa gerarchia negli edifici espositivi ci consente di comprendere sia le relazioni conflittuali tra Occidente e Medio Oriente, sia la questione dell'autodefinizione culturale per le societą musulmane del XIX secolo. 410 0$aComparative studies on Muslim societies$v12 606 $aArchitettura islamica$xEsposizioni internazionali$zSec. 19.$2BNCF 676 $a725.91 700 1$aC?ELIK,$bZeynep$0645242 801 0$bcba$aIT$bcba$gREICAT 912 $a996460953303316 959 $aEB 969 $aER 996 $aDisplaying the Orient$91548063 997 $aUNISA LEADER 05381oam 22014414 450 001 9910219646903321 005 20200520144314.0 010 $a1-4623-3368-0 010 $a1-283-51398-6 010 $a9786613826435 010 $a1-4519-0724-9 035 $a(CKB)2670000000079765 035 $a(OCoLC)698585375 035 $a(CaPaEBR)ebrary10450961 035 $a(SSID)ssj0001076201 035 $a(PQKBManifestationID)11670099 035 $a(PQKBTitleCode)TC0001076201 035 $a(PQKBWorkID)11027000 035 $a(PQKB)10368780 035 $a(MiAaPQ)EBC3014644 035 $a(IMF)WPIEE2005169 035 $a(IMF)WPIEA2005169 035 $a(EXLCZ)992670000000079765 100 $a20020129d2005 uf 0 101 0 $aeng 135 $aurcn||||||||| 181 $ctxt 182 $cc 183 $acr 200 10$aDeposit Insurance Regulatory forbearance and Economic Growth : $eImplications for the Japanese Banking Crisis /$fKenneth Kletzer, Robert Dekle 210 1$aWashington, D.C. :$cInternational Monetary Fund,$d2005. 215 $a1 online resource (34 p.) 225 1 $aIMF Working Papers 225 0$aIMF working paper ;$vWP/05/169 300 $aBibliographic Level Mode of Issuance: Monograph 311 $a1-4527-5016-5 311 $a1-4518-6188-5 320 $aIncludes bibliographical references. 330 3 $aAn endogenous growth model with financial intermediation demonstrates how deposit insurance and prudential regulatory forbearance lead to banking crises and growth declines. The model assumptions are based on features of the Japanese financial system and regulation. The model demonstrates how banking and growth crises can evolve under perfect foresight. The dynamics for economic aggregates and asset prices predicted by the model are shown to be generally consistent with the experience of the Japanese economy and financial system through the 1990s. We also test our maintained hypothesis of rational expectations using asset price data for Japan over the 1980s and 1990s. 410 0$aIMF Working Papers; Working Paper ;$vNo. 2005/169 606 $aDeposit insurance$zJapan 606 $aFinancial crises$zJapan 606 $aBanks and banking$zJapan 606 $aBank credit$2imf 606 $aBanking crises$2imf 606 $aBanking$2imf 606 $aBanks and Banking$2imf 606 $aBanks and banking$2imf 606 $aBanks$2imf 606 $aCredit$2imf 606 $aCrisis management$2imf 606 $aDeposit insurance$2imf 606 $aDepository Institutions$2imf 606 $aEconomic & financial crises & disasters$2imf 606 $aFinance$2imf 606 $aFinancial Crises$2imf 606 $aFinancial crises$2imf 606 $aFinancial Institutions and Services: Government Policy and Regulation$2imf 606 $aFinancial institutions$2imf 606 $aFinancial Instruments$2imf 606 $aFinancial Risk Management$2imf 606 $aForeign Exchange$2imf 606 $aIndustries: Financial Services$2imf 606 $aInstitutional Investors$2imf 606 $aInvestment & securities$2imf 606 $aInvestments: Stocks$2imf 606 $aLoans$2imf 606 $aMicro Finance Institutions$2imf 606 $aMonetary economics$2imf 606 $aMonetary Policy, Central Banking, and the Supply of Money and Credit: General$2imf 606 $aMoney and Monetary Policy$2imf 606 $aMoney$2imf 606 $aMortgages$2imf 606 $aNon-bank Financial Institutions$2imf 606 $aOpen Economy Macroeconomics$2imf 606 $aPension Funds$2imf 606 $aStocks$2imf 607 $aJapan$2imf 615 0$aDeposit insurance 615 0$aFinancial crises 615 0$aBanks and banking 615 7$aBank credit 615 7$aBanking crises 615 7$aBanking 615 7$aBanks and Banking 615 7$aBanks and banking 615 7$aBanks 615 7$aCredit 615 7$aCrisis management 615 7$aDeposit insurance 615 7$aDepository Institutions 615 7$aEconomic & financial crises & disasters 615 7$aFinance 615 7$aFinancial Crises 615 7$aFinancial crises 615 7$aFinancial Institutions and Services: Government Policy and Regulation 615 7$aFinancial institutions 615 7$aFinancial Instruments 615 7$aFinancial Risk Management 615 7$aForeign Exchange 615 7$aIndustries: Financial Services 615 7$aInstitutional Investors 615 7$aInvestment & securities 615 7$aInvestments: Stocks 615 7$aLoans 615 7$aMicro Finance Institutions 615 7$aMonetary economics 615 7$aMonetary Policy, Central Banking, and the Supply of Money and Credit: General 615 7$aMoney and Monetary Policy 615 7$aMoney 615 7$aMortgages 615 7$aNon-bank Financial Institutions 615 7$aOpen Economy Macroeconomics 615 7$aPension Funds 615 7$aStocks 700 $aKletzer$b Kenneth$0119641 701 $aDekle$b Robert$0956296 712 02$aIMF Institute. 801 0$bDcWaIMF 906 $aBOOK 912 $a9910219646903321 996 $aDeposit insurance regulatory forbearance and economic growth$92251583 997 $aUNINA